[Event "Titled Tuesday intern op 08th Aug Late"]
[Site "Chess.com INT"]
[Date "2023.08.08"]
[Round "2"]
[White "Kukavica, Tony"]
[Black "Sokolovsky, Yahli"]
[Result "0-1"]
[WhiteElo "1974"]
[BlackElo "2464"]
[PlyCount "126"]
[EventDate "2023.08.08"]
[EventType "swiss (blitz)"]
[EventRounds "11"]
[EventCountry "USA"]
[SourceTitle "EXT 2024"]
[Source "ChessBase"]
[SourceDate "2023.10.10"]
[SourceVersion "1"]
[SourceVersionDate "2023.10.10"]
[SourceQuality "1"]

1. d4 d5 2. c4 e6 3. Nc3 c6 4. cxd5 exd5 5. Bf4 Bf5 6. e3 Nd7 7. Nf3 Be7 8. Qb3 Qb6 9. Nd2 Ngf6 10. f3 Bg6 11. g4 h5 12. g5 Nh7 13. h4 Bf5 14. Bh3 Bxh3 15. Rxh3 Nhf8 16. Rh2 Ne6 17. Qxb6 axb6 18. Be5 Nxe5 19. dxe5 b5 20. f4 Nc5 21. Ke2 g6 22. Nf3 b4 23. Nb1 Nb3 24. axb3 Rxa1 25. Nbd2 Bc5 26. e4 Ra2 27. exd5 cxd5 28. Kd3 Rxb2 29. Rh1 Ke7 30. Rc1 Rc8 31. Nd4 Ra2 32. Nb5 b6 33. Nd6 Rb8 34. Nb5 Kd7 35. Nf3 Rba8 36. Nfd4 Ra1 37. Rc2 R8a2 38. f5 Rxc2 39. e6+ fxe6 40. fxe6+ Ke7 41. Nxc2 Rh1 42. Ncd4 Bxd4 43. Nxd4 Rxh4 44. Nf3 Rh3 45. Ke3 Rxf3+ 46. Kxf3 Kxe6 47. Ke3 Ke5 48. Kd3 h4 49. Ke3 d4+ 50. Kd3 h3 51. Ke2 h2 52. Kf2 h1Q 53. Ke2 Qg2+ 54. Kd3 Qf3+ 55. Kc4 Qc3+ 56. Kb5 Qc5+ 57. Ka4 b5+ 58. Ka5 d3 59. Ka6 d2 60. Ka5 d1Q 61. Ka6 Qdd6+ 62. Kb7 Qcc7+ 63. Ka8 Qdd8# 0-1

[Event "Titled Tuesday intern op 04th Jul Late"]
[Site "Chess.com INT"]
[Date "2023.07.04"]
[Round "5"]
[White "Kukavica, Tony"]
[Black "Moral Garcia, Serafin"]
[Result "0-1"]
[WhiteElo "1974"]
[BlackElo "2240"]
[PlyCount "86"]
[EventDate "2023.07.04"]
[EventType "swiss (blitz)"]
[EventRounds "11"]
[EventCountry "USA"]
[SourceTitle "EXT 2024"]
[Source "ChessBase"]
[SourceDate "2023.10.10"]
[SourceVersion "1"]
[SourceVersionDate "2023.10.10"]
[SourceQuality "1"]

1. d4 Nf6 2. c4 g6 3. Nc3 d5 4. Qb3 dxc4 5. Qxc4 Bg7 6. e4 0-0 7. Be2 Nc6 8. Be3 e5 9. d5 Nd4 10. Nf3 Nxe2 11. Nxe2 Ne8 12. 0-0 Nd6 13. Qc2 f5 14. Bg5 Qd7 15. Nc3 f4 16. Qa4 Rf7 17. Qc2 h6 18. Bh4 g5 19. Bxg5 hxg5 20. Nxg5 Rf6 21. Ne6 Qe7 22. Rac1 Bxe6 23. dxe6 c6 24. Na4 Rxe6 25. Nc5 Rg6 26. Qb3+ Qf7 27. Qh3 f3 28. g3 b6 29. Nd3 Nxe4 30. Rfd1 Ng5 31. Qg4 Ne6 32. Qc4 Nd4 33. Kf1 Ne2 34. Rc2 Rh6 35. h4 Rd8 36. Rdd2 Rhd6 37. Nxe5 Bxe5 38. Rxd6 Rxd6 39. Qg4+ Kh8 40. Qc8+ Kh7 41. Ke1 Nxg3 42. fxg3 Bxg3+ 43. Kf1 Rd1# 0-1

[Event "Titled Tuesday intern op 04th Jul Late"]
[Site "Chess.com INT"]
[Date "2023.07.04"]
[Round "3"]
[White "Kukavica, Tony"]
[Black "Skvortsov, Andrei"]
[Result "0-1"]
[WhiteElo "1974"]
[BlackElo "2307"]
[PlyCount "144"]
[EventDate "2023.07.04"]
[EventType "swiss (blitz)"]
[EventRounds "11"]
[EventCountry "USA"]
[SourceTitle "EXT 2024"]
[Source "ChessBase"]
[SourceDate "2023.10.10"]
[SourceVersion "1"]
[SourceVersionDate "2023.10.10"]
[SourceQuality "1"]

1. Nf3 g6 2. d4 Bg7 3. e4 a6 4. a4 e6 5. c3 d5 6. exd5 exd5 7. Bd3 Nc6 8. h3 Nge7 9. 0-0 Bf5 10. Be3 Bxd3 11. Qxd3 0-0 12. Qd2 Nf5 13. Bg5 Qd7 14. Qf4 Rfe8 15. g4 Nd6 16. Bh6 Re4 17. Qc1 Bh8 18. Nbd2 Ree8 19. Re1 Rxe1+ 20. Qxe1 Re8 21. Qf1 Ne4 22. Re1 Nxd2 23. Nxd2 Rxe1 24. Qxe1 Bg7 25. Bxg7 Kxg7 26. Nf3 f6 27. Kg2 Nd8 28. g5 Nf7 29. gxf6+ Kxf6 30. Ne5 Nxe5 31. Qxe5+ Kf7 32. a5 Qe7 33. Qf4+ Kg7 34. Qg4 c6 35. Qf4 h6 36. b4 Qd7 37. Qe5+ Kh7 38. Qf6 h5 39. h4 Qc7 40. f4 Qd7 41. Kf2 Qe8 42. Qe5 Qf7 43. Kf3 Qd7 44. Qg5 Kg7 45. Kg3 Kf7 46. Qe5 Qg4+ 47. Kf2 Qxh4+ 48. Kf3 Qe7 49. Qb8 Kg7 50. Qe5+ Qf6 51. Qc7+ Qf7 52. Qe5+ Kh7 53. Kg3 Qd7 54. Qg5 Qe6 55. Qe5 Qf7 56. Qb8 g5 57. fxg5 Kg6 58. Qe5 Qf5 59. Qc7 Qxg5+ 60. Kh2 Qd2+ 61. Kg1 Qe3+ 62. Kh2 Qf2+ 63. Kh1 Qf7 64. Qd6+ Kf5 65. Qe5+ Kg4 66. Qe2+ Qf3+ 67. Qxf3+ Kxf3 68. Kh2 Ke3 69. c4 dxc4 70. b5 axb5 71. d5 cxd5 72. a6 bxa6 0-1

[Event "Titled Tuesday intern op 04th Jul Late"]
[Site "Chess.com INT"]
[Date "2023.07.04"]
[Round "6"]
[White "Kukavica, Tony"]
[Black "Souza, Gustavo Horokoski"]
[Result "1-0"]
[WhiteElo "1974"]
[BlackElo "1953"]
[PlyCount "75"]
[EventDate "2023.07.04"]
[EventType "swiss (blitz)"]
[EventRounds "11"]
[EventCountry "USA"]
[SourceTitle "EXT 2024"]
[Source "ChessBase"]
[SourceDate "2023.10.10"]
[SourceVersion "1"]
[SourceVersionDate "2023.10.10"]
[SourceQuality "1"]

1. Nf3 Nf6 2. b3 g6 3. Bb2 Bg7 4. g4 d6 5. g5 Nh5 6. Bxg7 Nxg7 7. h4 c5 8. Bh3 Bxh3 9. Rxh3 Qd7 10. Rh2 Nc6 11. e3 b5 12. d3 a5 13. Nbd2 a4 14. Ke2 Qe6 15. Qh1 0-0 16. Nf1 c4 17. bxc4 bxc4 18. Ng3 cxd3+ 19. cxd3 Rab8 20. h5 Rb2+ 21. Kf1 Rxa2 22. Rxa2 Qxa2 23. Kg2 Qe6 24. hxg6 Qxg6 25. Rh6 Qxd3 26. e4 f5 27. Rxh7 fxe4 28. Rh8+ Kf7 29. g6+ Ke6 30. Ng5+ Kd7 31. Qh3+ Ne6 32. Qxe6+ Kc7 33. Rxf8 e3 34. Qxe3 Qxg6 35. Rf4 Qxg5 36. Rc4 Qd5+ 37. Qe4 Qd1 38. Qxc6+ 1-0

[Event "Titled Tuesday intern op 7th Mar Late"]
[Site "Chess.com INT"]
[Date "2023.03.07"]
[Round "10"]
[White "Kraus, Tomas"]
[Black "Kukavica, Tony"]
[Result "0-1"]
[WhiteElo "2486"]
[BlackElo "1981"]
[PlyCount "66"]
[EventDate "2023.03.07"]
[EventType "swiss (blitz)"]
[EventRounds "11"]
[EventCountry "USA"]
[SourceTitle "EXT 2024"]
[Source "ChessBase"]
[SourceDate "2023.10.10"]
[SourceVersion "1"]
[SourceVersionDate "2023.10.10"]
[SourceQuality "1"]

1. e4 c5 2. Nc3 e6 3. f4 d5 4. d3 Nc6 5. Nf3 Nf6 6. e5 Nd7 7. g3 Be7 8. Bg2 0-0 9. 0-0 Rb8 10. h4 b5 11. h5 b4 12. Ne2 a5 13. Be3 Ba6 14. g4 c4 15. d4 c3 16. b3 a4 17. f5 Qb6 18. Kh2 Ndxe5 19. Nxe5 Nxe5 20. Kh3 Nd7 21. Rf2 Nf6 22. Ng3 Bd6 23. g5 Bxg3 24. gxf6 Bxf2 25. Qg4 g6 26. hxg6 fxg6 27. fxg6 Rxf6 28. gxh7+ Kh8 29. Bxf2 Rxf2 30. Qg3 Rf6 31. Qe5 Rbf8 32. Rf1 Bxf1 33. Bxf1 Qb8 0-1

[Event "Titled Tuesday intern op 7th Mar Late"]
[Site "Chess.com INT"]
[Date "2023.03.07"]
[Round "6"]
[White "Mazurkiewicz, Michal"]
[Black "Kukavica, Tony"]
[Result "0-1"]
[WhiteElo "2145"]
[BlackElo "1981"]
[PlyCount "126"]
[EventDate "2023.03.07"]
[EventType "swiss (blitz)"]
[EventRounds "11"]
[EventCountry "USA"]
[SourceTitle "EXT 2024"]
[Source "ChessBase"]
[SourceDate "2023.10.10"]
[SourceVersion "1"]
[SourceVersionDate "2023.10.10"]
[SourceQuality "1"]

1. e4 c5 2. Nf3 e6 3. d3 Nc6 4. g3 d6 5. Bg2 Nf6 6. 0-0 Be7 7. Re1 0-0 8. c3 Rb8 9. d4 d5 10. e5 Nd7 11. h4 b5 12. a3 a5 13. Nbd2 b4 14. axb4 axb4 15. Nf1 bxc3 16. bxc3 Bb7 17. N1h2 Qc7 18. Be3 Ra8 19. Rxa8 Rxa8 20. Ng5 h6 21. Qh5 hxg5 22. hxg5 g6 23. Qh4 cxd4 24. cxd4 Ncxe5 25. dxe5 Nxe5 26. Bf4 Bd6 27. Bxe5 Bxe5 28. Ng4 Bg7 29. Nf6+ Bxf6 30. gxf6 Qd6 31. Bf3 e5 32. Kg2 Ra6 33. Rb1 Rb6 34. Rxb6 Qxb6 35. Qg5 Qd6 36. Bh5 d4+ 37. f3 Kh7 38. Qh4 Kg8 39. Qg5 Qc6 40. Kh2 Qc2+ 41. Kh3 Qf5+ 42. Qxf5 gxf5 43. Kg2 e4 44. fxe4 fxe4 45. Kf2 e3+ 46. Ke2 Ba6+ 47. Kf3 Bc4 48. g4 Kh7 49. g5 Kg8 50. Ke4 e2 51. Bxe2 Bxe2 52. Kxd4 Bh5 53. Ke5 Bg6 54. Kd6 Kf8 55. Kd7 Bh5 56. Kd8 Bg4 57. Kc7 Be6 58. Kd6 Ba2 59. Kc7 Kg8 60. Kd6 Kh7 61. Ke5 Kg6 62. Kf4 Be6 63. Ke5 Kxg5 0-1

[Event "Titled Tuesday intern op 7th Mar Late"]
[Site "Chess.com INT"]
[Date "2023.03.07"]
[Round "2"]
[White "Papasimakopoulos, Alexandros"]
[Black "Kukavica, Tony"]
[Result "1-0"]
[WhiteElo "2356"]
[BlackElo "1981"]
[PlyCount "137"]
[EventDate "2023.03.07"]
[EventType "swiss (blitz)"]
[EventRounds "11"]
[EventCountry "USA"]
[SourceTitle "EXT 2024"]
[Source "ChessBase"]
[SourceDate "2023.10.10"]
[SourceVersion "1"]
[SourceVersionDate "2023.10.10"]
[SourceQuality "1"]

1. d4 d5 2. c4 e6 3. Nc3 Nf6 4. cxd5 Nxd5 5. e4 Nxc3 6. bxc3 c5 7. Rb1 cxd4 8. cxd4 Be7 9. Nf3 0-0 10. Bc4 Nd7 11. 0-0 b6 12. Qe2 Bb7 13. Bf4 Rc8 14. Ba6 Bxa6 15. Qxa6 Nf6 16. Qxa7 Nxe4 17. Qxb6 Nc3 18. Qxd8 Rfxd8 19. Rb2 Ra8 20. Ra1 Bf6 21. Be5 Bxe5 22. dxe5 Rd5 23. Rc2 Rc5 24. h3 h6 25. Kf1 Kf8 26. Nd4 Rd5 27. Rxc3 Rxd4 28. Re3 Rda4 29. a3 R8a5 30. g3 g5 31. Ke2 Kg7 32. Kd2 h5 33. Kc2 Kg6 34. Kb2 Kf5 35. Rae1 Rd4 36. Rf3+ Kg6 37. Re2 Rdd5 38. Rfe3 Rdb5+ 39. Ka2 Rd5 40. Re4 Rd3 41. a4 h4 42. gxh4 Rxh3 43. hxg5 Kxg5 44. Rb4 Kf5 45. f4 Rf3 46. Ree4 Rd3 47. Rec4 Rdd5 48. Kb3 Rd3+ 49. Rc3 Rd1 50. Rc2 Rdd5 51. Rc7 f6 52. Rf7 Rd3+ 53. Kc2 Rad5 54. Rxf6+ Kg4 55. f5+ Kg5 56. fxe6 Rxe5 57. Kxd3 Kxf6 58. Kd4 Rh5 59. Rb6 Ra5 60. Kc4 Rxa4+ 61. Kd5 Ra5+ 62. Kd6 Re5 63. Kd7 Rd5+ 64. Rd6 Ra5 65. e7+ Kf7 66. e8Q+ Kg7 67. Qe7+ Kg8 68. Rg6+ Kh8 69. Qg7# 1-0

[Event "Titled Tuesday intern op 14th April"]
[Site "Chess.com INT"]
[Date "2020.04.14"]
[Round "6"]
[White "Gracia, Gerardo Antonio"]
[Black "Kukavica, Tony"]
[Result "1-0"]
[WhiteElo "2397"]
[BlackElo "2035"]
[PlyCount "89"]
[EventDate "2020.04.14"]
[EventType "swiss (blitz)"]
[EventRounds "10"]
[EventCountry "USA"]
[SourceTitle "EXT 2021"]
[Source "ChessBase"]
[SourceDate "2020.10.23"]
[SourceVersion "1"]
[SourceVersionDate "2020.10.23"]
[SourceQuality "1"]

1. e4 c5 2. Nf3 e6 3. d3 d5 4. Nbd2 Nc6 5. g3 Bd6 6. Bg2 b6 7. 0-0 Bb7 8. Re1 Nge7 9. Nf1 0-0 10. h4 Rc8 11. e5 Bb8 12. h5 h6 13. N1h2 Nf5 14. c3 Qc7 15. g4 Nfe7 16. g5 Nf5 17. gxh6 gxh6 18. Ng4 Kh7 19. Bf4 d4 20. Qd2 dxc3 21. bxc3 f6 22. Bxh6 Nxe5 23. Nfxe5 Bxg2 24. Bxf8 Rxf8 25. Kxg2 fxe5 26. Nxe5 Nh4+ 27. Kf1 Qg7 28. Ng6 Nxg6 29. hxg6+ Qxg6 30. Qe3 Bg3 31. Re2 Bf4 32. Qe4 Rf5 33. Qxe6 Qh5 34. Qe4 Qh3+ 35. Qg2 Qh5 36. Re7+ Rf7 37. Rxf7+ Qxf7 38. Re1 Bd6 39. Qe4+ Kg7 40. Re3 Qh5 41. Qg2+ Kf8 42. Rf3+ Ke7 43. Qg7+ Kd8 44. Qf6+ Kc7 45. Qf7+ 1-0